Tom Cruise Films by Picture - Statistics

General Stats
  • This quiz has been taken 117 times
  • The average score is 9 of 16
Answer Stats
Picture Answer % Correct
Top Gun
99%
Mission Impossible
97%
Jerry Maguire
69%
Cocktail
65%
Interview with the Vampire
62%
The Last Samurai
62%
A Few Good Men
59%
Valkyrie
57%
Edge of Tomorrow
53%
Collateral
46%
Born on the Fourth of July
44%
Oblivion
44%
Tropic Thunder
42%
American Made
33%
Rock of Ages
32%
Eyes Wide Shut
28%
No matching quizzes found
Score Distribution
Percent of People with Each Score
Percentile by Number Answered
Your Score History
You have not taken this quiz